000 00343nam a2200133Ia 4500
005 20260328101440.0
008 260328s9999||||xx |||||||||||||| ||und||
100 _aRubiano Caballero, Germán
245 0 _aEnrique Grau /
_cGermán Rubiano Caballero
260 _bCentro Colombo Americano
300 _a168 p.
650 _aPINTURA
942 _cBK
999 _c8239
_d8239